logo

Bir Sreshtho Munshi Abdur Rouf Library
Jhenaidah Cadet College

উত্তরপর্ব মুজিবনগর / (Record no. 12092)

MARC details
000 -LEADER
fixed length control field 00678nam a2200229 a 4500
001 - CONTROL NUMBER
JCCL Control Number 12092
003 - CONTROL NUMBER IDENTIFIER
JCCL marc code BD-JhCC
005 - DATE AND TIME OF LATEST TRANSACTION
control field 20210314124010.0
008 - FIXED-LENGTH DATA ELEMENTS--GENERAL INFORMATION
fixed length control field 210314b19932017bg |||| ||a| 000 0 ben d
020 ## - INTERNATIONAL STANDARD BOOK NUMBER
International Standard Book Number 9847011400490
035 ## - SYSTEM CONTROL NUMBER
system control number (BD-JhCC)12092
040 ## - CATALOGING SOURCE
Original cataloging agency BD-JhCC
Modifying agency BD-JhCC
041 ## - LANGUAGE CODE
Language code of Book Bengali
082 ## - DEWEY DECIMAL CLASSIFICATION NUMBER
Classification number 954.92
Author mark and Year OSM 2017
100 ## - MAIN ENTRY--PERSONAL NAME
Personal name ওসমান,শওকত
245 ## - TITLE STATEMENT
Title উত্তরপর্ব মুজিবনগর /
Statement of responsibility, etc শওকত ওসমান ।
260 ## - PUBLICATION, DISTRIBUTION, ETC. (IMPRINT)
Place of publication, distribution, etc ঢাকা:
Name of publisher, distributor, etc সময় প্রকাশন;
Date of publication, distribution, etc ২০১৭.
300 ## - PHYSICAL DESCRIPTION
Pagination 864 p. :
Dimensions 22 cm.
650 ## - SUBJECT ADDED ENTRY--TOPICAL TERM
Topical term or geographic name as entry element Next Face of Mujibnagar
942 ## - ADDED ENTRY ELEMENTS (KOHA)
Source of classification or shelving scheme Dewey Decimal Classification
Koha item type Books
Holdings
Source of classification or shelving scheme Damaged status Not for loan Home library Current library Shelving location Date of accession Source of acquisition Cost, normal purchase price Total Checkouts Full call number Barcode Date last seen Copy number Koha item type
Dewey Decimal Classification     JCC Rouf Library JCC Rouf Library General Stacks 03/14/2021 Lt. Gen. Mahfuzur Rahman (10th intake) 750.00   954.92 OSM 2017 16297 03/14/2021 C-1 Books

JCC Library | Contacts | JCC Home

Last Update on 23 September 2017
Copyright @ 2017-2020 JCC Rouf Library
Rouf Library, Jhenidah Cadet College (JCC), Bangladesh